[Event "Troyes Lallemand Memorial op"]
[Site "Troyes"]
[Date "2014.06.14"]
[Round "2"]
[White "Minaud, Emily"]
[Black "Sauve, Anne Charlotte"]
[Result "0-1"]
[WhiteElo "1620"]
[BlackElo "1746"]
[PlyCount "84"]
[EventDate "2014.06.14"]
[EventType "swiss (rapid)"]
[EventRounds "9"]
[EventCountry "FRA"]
[SourceTitle "EXT 2015"]
[Source "ChessBase"]
[SourceDate "2014.11.20"]
[SourceVersion "1"]
[SourceVersionDate "2014.11.20"]
[SourceQuality "1"]

1. e4 e5 2. Nf3 Nf6 3. Nxe5 d6 4. Nf3 Nxe4 5. Qe2 Qe7 6. d3 Nf6 7. Qxe7+ Bxe7 8. Nc3 Bg4 9. Be2 0-0 10. 0-0 d5 11. d4 Bb4 12. Nb5 Na6 13. a3 Ba5 14. b4 Bb6 15. Be3 Ne4 16. Bf4 c6 17. Nd6 Nxd6 18. Bxd6 Bxf3 19. Bxf3 Bxd4 20. Rad1 Rfd8 21. Rxd4 Rxd6 22. c4 Nc7 23. Rfd1 Rad8 24. cxd5 Nxd5 25. b5 Kf8 26. a4 Ke7 27. Re1+ Kd7 28. Bxd5 Rxd5 29. Red1 Kc7 30. Rxd5 Rxd5 31. Rxd5 cxd5 32. f4 Kb6 33. Kf2 Ka5 34. Ke3 Kxa4 35. Kd4 Kxb5 36. Kxd5 a6 37. Kd6 a5 38. Ke7 a4 39. Kxf7 a3 40. f5 a2 41. Kxg7 a1Q+ 42. f6 Kc6 0-1

[Event "FRA-ch U12 Girls"]
[Site "Aix les Bains"]
[Date "2009.04.26"]
[Round "9"]
[White "Rouffignac, Marie"]
[Black "Minaud, Emily"]
[Result "0-1"]
[WhiteElo "1480"]
[BlackElo "1430"]
[PlyCount "98"]
[EventDate "2009.04.19"]
[EventType "swiss"]
[EventRounds "9"]
[EventCountry "FRA"]
[SourceTitle "CBM 130 Extra"]
[Source "ChessBase"]
[SourceDate "2009.07.02"]
[SourceVersion "2"]
[SourceVersionDate "2009.07.15"]
[SourceQuality "1"]

1. e4 e5 2. Nf3 Nc6 3. Bc4 Nf6 4. d3 h6 5. Nc3 Bc5 6. Be3 Be7 7. Qd2 d6 8. h3 a6 9. a4 Be6 10. Nd5 0-0 11. 0-0 Nh7 12. Rfe1 Ng5 13. Nxe7+ Qxe7 14. Nxg5 hxg5 15. Bxg5 f6 16. Bxe6+ Qxe6 17. Be3 f5 18. Qc3 f4 19. Bd2 Qg6 20. Qc4+ Kh8 21. c3 f3 22. g3 Qh5 23. Kh2 g5 24. d4 Kg7 25. d5 Rh8 26. Qf1 Na5 27. Be3 Rh7 28. h4 gxh4 29. g4 Qxg4 30. Qg1 Qg2+ 31. Qxg2+ fxg2 32. Kxg2 Kg6 33. Kh3 Kf7 34. Ra3 Nc4 35. Rb3 Nxe3 36. Rxe3 b6 37. Rf3+ Ke7 38. Rf5 Rf8 39. Rxf8 Kxf8 40. c4 Kg7 41. Re3 Kf6 42. Re1 Kg5 43. Rg1+ Kf4 44. Rg4+ Kf3 45. Rxh4 Rxh4+ 46. Kxh4 Kxf2 47. b4 Ke3 48. a5 bxa5 49. bxa5 Kxe4 0-1

[Event "FRA-ch U12 Girls"]
[Site "Aix les Bains"]
[Date "2009.04.25"]
[Round "8"]
[White "Minaud, Emily"]
[Black "Parlas, Helin"]
[Result "0-1"]
[WhiteElo "1430"]
[BlackElo "1340"]
[PlyCount "74"]
[EventDate "2009.04.19"]
[EventType "swiss"]
[EventRounds "9"]
[EventCountry "FRA"]
[SourceTitle "CBM 130 Extra"]
[Source "ChessBase"]
[SourceDate "2009.07.02"]
[SourceVersion "2"]
[SourceVersionDate "2009.07.15"]
[SourceQuality "1"]

1. e4 e6 2. d4 d5 3. e5 c5 4. Nf3 Qb6 5. c3 Nc6 6. b3 Bd7 7. Be3 Be7 8. dxc5 Bxc5 9. Bxc5 Qxc5 10. b4 Qb6 11. Be2 a6 12. 0-0 f6 13. exf6 Nxf6 14. h3 0-0 15. Nbd2 Rad8 16. Qc2 Rfe8 17. Bd3 e5 18. Nh2 e4 19. Be2 e3 20. fxe3 Rxe3 21. Bd3 Rxd3+ 22. Kh1 Re3 23. Ndf3 Ne4 24. Ng4 Ng3+ 25. Kh2 Nxf1+ 26. Rxf1 Bxg4 27. hxg4 Ne5 28. Kg3 Rf8 29. Qd1 Qd6 30. Kh3 Rxc3 31. Qd2 Ra3 32. Kh4 Ng6+ 33. Kh3 Rd3 34. Qe1 Qd8 35. Kh2 Qe7 36. Qf2 Ne5 37. Qe2 Nxg4+ 0-1